000 00385 a2200157 4500
001 48957
020 _a85-305-0193-4
040 _cAnchieta - Bela Vista
100 _aMachado, Ana Maria
240 1 0 _aPalavras, palavrinhas & palavrões
_lpor
245 1 0 _aPalavras, palavrinhas & palavrões
300 _a46
362 0 _a1998
650 4 _aLiteratura infanto-juvenil
942 _cBK
999 _c48957
_d48957